Introduction to English folklore.

Bibliographic Details
Main Author: Alford, Violet
Format: Book
Language:English
Published: London : Bell, [1952]
Subjects:

MARC

Tag First Indicator Second Indicator Subfields
LEADER 00000cam a2200000 4500
001 in00000448607
005 20151012082437.0
008 770413s1952 enk 00000 eng
010 |a  53000310  
035 |a (OCoLC)02886724 
035 |9 ABX8443AM 
040 |a DLC  |c DMM  |d TXA  |d UtOrBLW 
049 |a TXAM  |c [222162] 
050 0 |a GR141  |b .A4 
082 0 |a 398 
092 |a 398  |b A389i 
100 1 |a Alford, Violet. 
245 1 0 |a Introduction to English folklore. 
264 1 |a London :  |b Bell,  |c [1952] 
300 |a viii, 164 pages :  |b illustrations ;  |c 19 cm. 
336 |a text  |b txt  |2 rdacontent 
337 |a unmediated  |b n  |2 rdamedia 
338 |a volume  |b nc  |2 rdacarrier 
650 0 |a Folklore  |z England. 
999 |a MARS 
999 f f |s 3eeb8a92-6d15-380d-8873-822b23d3b31e  |i 305f8634-84b6-3e55-ad1a-f065c6be4952  |t 0 
952 f f |p ric  |a Texas A&M University  |b Rellis Campus  |c Joint Library Facility  |d Remote Storage  |t 0  |e GR141 .A4  |h Library of Congress classification  |i unmediated -- volume  |m A14800886445 
998 f f |a GR141 .A4  |t 0  |l Remote Storage